Wortschatz Kapitel 6 ALL-FRA - Statistiques

Statistiques générales
  • Ce quiz a été pris 3 fois
  • Le résultat moyen est 14 sur 90
Statistiques - réponses
Hint Réponse % Correct
die Anerkennung la reconnaissance
100%
das Arbeitsklima le climat de travail
100%
die Aufforderung l'invitation
100%
handwerklich artisanal
50%
kompetent compétent
50%
ruckzuck en un clin d'œil
50%
harmonisch harmonieux
50%
individuell individuel
50%
innovativ innovatif
50%
das Anschreiben la lettre de motivation
50%
der Chat le chat
50%
der Lebenslauf le CV
50%
das Einkommen le revenu
50%
das Gehalt le salaire
50%
der Service le service
50%
das Talent le talent
50%
die Idee l'idée
50%
massieren masser
50%
organisieren organiser
50%
persönlich personnel
50%
praktisch pratique
50%
beruflich professionnel
50%
stressfrei sans stress
50%
jammern se lamenter
50%
erreichen atteindre
0%
seine Ruhe haben avoir son calme
0%
vollständig complet
0%
denkbar concevable
0%
insgesamt dans l'ensemble
0%
ökologisch écologique
0%
ökonomisch économique
0%
teilweise en partie
0%
im Grunde essentiellement
0%
einschätzen estimer
0%
sein eigener Herr sein être son propre maître
0%
übertreiben exagérer
0%
ein Hobby zum Beruf machen faire d'un hobby son métier
0%
zuverlässig fiable
0%
vorstellbar imaginable
0%
die Bewerbung la candidature
0%
die Konkurrenzmassage la concurrence
0%
die Voraussetzung la condition
0%
die Konferenz la conférence
0%
die Tätigkeit l'activité
0%
der Entschluss la décision
0%
die Herausforderung la difficulté
0%
die Besprechung la discussion
0%
die Pleite la faillite
0%
der Aktenkoffer la mallette
0%
die Sicherheit la sécurité
0%
das Arbeitszeugnis le certificat de travail
0%
der Mut le courage
0%
der Abschied le départ
0%
der Personalchef le directeur des ressources humaines
0%
der Ratgeber le guide
0%
der Angestellte l'employé
0%
das Engagement l'engagement
0%
das Vorstellungsgespräch l'entretien d'embauche
0%
das Standbein le pilier
0%
der Alltag le quotidien
0%
die Gehaltsvorstellung les attentes salariales
0%
das Fachwissen le savoir-faire
0%
die Aufstiegschance les chances d'ascension
0%
die Kenntnisse (Pl.) les connaissances
0%
die Dienstleistung les services
0%
der Erfolg le succès
0%
die Erfahrung l'expérience
0%
der Eindruck l'impression
0%
der Impuls l'impulsion
0%
das Angebot l'offre
0%
frei Haus maison libre
0%
erwähnen mentionner
0%
Interesse zeigen montrer de l'intérêt
0%
anbieten offrir
0%
eine Rolle übernehmen prendre un rôle
0%
vermutlich probablement
0%
wahrscheinlich probablement
0%
etw. kommt jmd. zugute qqch profite à qn
0%
der Stammtag rendez-vous régulier
0%
bei der Wahrheit bleiben rester dans la vérité
0%
etwas Neues anpacken s'attaquer à qqch de nouveau
0%
sich auskennen mit se connaître
0%
vertraut sein mit se familiariser avec
0%
sich bewerben um se présenter
0%
bereuen se repentir
0%
sich etw. vorstellen s'imaginer qqch
0%
gepflegt soigné
0%
selbstverständlich tout naturel
0%
behandeln traiter
0%
eine Idee wird geboren une idée est née
0%
Aucun quiz correspondant
Distribution des résultats
% des personnes avec chaque résultat
Percentile par nombre de réponses
Votre historique - résultats
Vous n’avez pas pris ce quiz